| 000 | 00379nam a2200145Ia 4500 | ||
|---|---|---|---|
| 008 | 231129s2004||||xx |||||||||||||| ||spa|| | ||
| 020 | _a958-04-6490-1 | ||
| 040 | _bspa | ||
| 082 | _a(i) 808.068543 K19m | ||
| 100 | _aKasza Keiko | ||
| 245 | 0 | _aEl mas poderoso | |
| 260 | _c2004 | ||
| 264 | _aBogotá Colombia: Norma | ||
| 942 |
_2ddc _cBKS |
||
| 999 |
_c11651 _d11651 |
||